000 00422nam a2200169 a 4500
001 0000-9028
003 ELIB.Books
008 110520 1972
035 _a(ELIB.Books)0000-9177
082 _aB
_bHol
100 _aHolmes, Marjorie
245 _aTwo from galilef
260 _bNew Jersey: Fleming H. Revell Company
_c1972
650 _aBiography
942 _2ddc
_cBK
998 _cbat
_e2011-05-20
999 _c9028
_d9028